Statistiques concernant Pays commençant par la lettre G

Cliquez ici pour prendre le quiz!

Statistiques générales

  • Ce quiz a été pris 34,236 fois
    (32,676 depuis la dernière actualisation)
  • Le résultat moyen est 8 sur 11

Statistiques - réponses

Pays % Correct
Guinée
87%
Gabon
85%
Guatemala
80%
Géorgie
79%
Ghana
78%
Guinée équatoriale
76%
Guinée-Bissau
75%
Gambie
74%
Grèce
70%
Guyana
62%
Grenade
54%

Distribution des résultats

Percentile par nombre de réponses

% des personnes avec chaque résultat

Votre développement - résultats

Vous n’avez pas pris ce quiz depuis la dernière actualisation